Online Catalogue and eLibrary

Art as language : (Record no. 3399)

MARC details
000 -LEADER
fixed length control field 00488nam a2200193Ia 4500
005 - DATE AND TIME OF LATEST TRANSACTION
control field 20241218044141.0
008 - FIXED-LENGTH DATA ELEMENTS--GENERAL INFORMATION
fixed length control field 240331s9999 xx 000 0 und d
020 ## - INTERNATIONAL STANDARD BOOK NUMBER
ISBN 0801485312
082 ## - DDC Classification
Item Number - Author Mark HAG
Class No. 850
100 ## - MAIN ENTRY--PERSONAL NAME
Personal name Hagberg, G.L
245 #0 - TITLE STATEMENT
Title Art as language :
Remainder of title wittgenstein, meaning, and aesthetic theory
260 ## - PUBLICATION, DISTRIBUTION, ETC.
Place of publication, distribution, etc. New York
Name of publisher, distributor, etc. Cornell University
Date of publication, distribution, etc. 1998
300 ## - PHYSICAL DESCRIPTION
Extent (e.g. Volumes, Pages etc.) Xi, 196 p .,
650 ## - SUBJECT ADDED ENTRY--TOPICAL TERM
Topical term or geographic name entry element Philosophy
650 ## - SUBJECT ADDED ENTRY--TOPICAL TERM
Topical term or geographic name entry element Social
650 ## - SUBJECT ADDED ENTRY--TOPICAL TERM
Topical term or geographic name entry element Art
650 ## - SUBJECT ADDED ENTRY--TOPICAL TERM
Topical term or geographic name entry element Language
942 ## - Koha item type (Biblio)
Koha item type Books in Stacks (Lending)
Holdings
Lost status Damaged status Collection code Home library Current library Shelving location Date acquired Full call number Accession Number Item type
    Lending WERC Library WERC Library Social Science Cupboard 03/31/2024 850 HAG 2719 Books in Stacks (Lending)

© WERC Library